Кинетика реакций взаимодействия хлоридовщелочных металлов с трифторидом брома; Перспективы развития фундаментальных наук
| Parent link: | Перспективы развития фундаментальных наук.— 2015.— [С. 466-468] |
|---|---|
| Autor principal: | |
| Autor corporatiu: | |
| Altres autors: | |
| Sumari: | Заглавие с экрана The article deals with the kinetics of synthesis of alkali metal tetrafluorobromates using bromine trifluoride and alkali metal chlorides. The study was carried out in a series of experiments with different reaction times and the data obtained was used to build a dependence of conversion rate on time. Studies of the reaction mixture composition were carried out using an X-ray fluorescent analysis. Then the data were processed according to the equations of heterogeneous kinetics, and the values of rate constants were determined. |
| Idioma: | rus |
| Publicat: |
2015
|
| Col·lecció: | Химия |
| Matèries: | |
| Accés en línia: | http://earchive.tpu.ru/handle/11683/19184 http://www.lib.tpu.ru/fulltext/c/2015/C21/145.pdf |
| Format: | MixedMaterials Electrònic Capítol de llibre |
| KOHA link: | https://koha.lib.tpu.ru/cgi-bin/koha/opac-detail.pl?biblionumber=613027 |
MARC
| LEADER | 00000naa2a2200000 4500 | ||
|---|---|---|---|
| 001 | 613027 | ||
| 005 | 20231101132733.0 | ||
| 035 | |a (RuTPU)RU\TPU\conf\11158 | ||
| 035 | |a RU\TPU\conf\11144 | ||
| 090 | |a 613027 | ||
| 100 | |a 20150703d2015 k y0rusy50 ca | ||
| 101 | 0 | |a rus |d eng | |
| 102 | |a RU | ||
| 105 | |a a z 101zy | ||
| 135 | |a drcn ---uucaa | ||
| 181 | 0 | |a i | |
| 182 | 0 | |a b | |
| 200 | 1 | |a Кинетика реакций взаимодействия хлоридовщелочных металлов с трифторидом брома |d Kinetics of reactions of interaction of alkaline metal chlorides with bromine trifluoride |f Н. А. Михайлова |g науч. рук. С. И. Ивлев | |
| 203 | |a Текст |c электронный | ||
| 215 | |a 1 файл(139 Кб) | ||
| 225 | 1 | |a Химия | |
| 230 | |a Электронные текстовые данные (1 файл: 139 Кб) | ||
| 300 | |a Заглавие с экрана | ||
| 320 | |a [Библиогр.: с. 468 (5 назв.)] | ||
| 330 | |a The article deals with the kinetics of synthesis of alkali metal tetrafluorobromates using bromine trifluoride and alkali metal chlorides. The study was carried out in a series of experiments with different reaction times and the data obtained was used to build a dependence of conversion rate on time. Studies of the reaction mixture composition were carried out using an X-ray fluorescent analysis. Then the data were processed according to the equations of heterogeneous kinetics, and the values of rate constants were determined. | ||
| 337 | |a Adobe Reader | ||
| 463 | 1 | |0 (RuTPU)RU\TPU\conf\10376 |t Перспективы развития фундаментальных наук |l Prospects of fundamental sciences development |o сборник научных трудов XII Международной конференция студентов и молодых ученых, г. Томск, 21-24 апреля 2015 г. |f Национальный исследовательский Томский политехнический университет (ТПУ) ; Национальный исследовательский Томский государственный университет (ТГУ) ; Томский государственный архитектурно-строительный университет (ТГАСУ) ; Томский государственный университет систем управления и радиоэлектроники (ТУСУР) ; ред. кол. И. А. Курзина ; Г. А. Воронова ; С. А. Поробова |v [С. 466-468] |d 2015 | |
| 510 | 1 | |a Kinetics of reactions of interaction of alkaline metal chlorides with bromine trifluoride |z eng | |
| 610 | 1 | |a электронный ресурс | |
| 610 | 1 | |a труды учёных ТПУ | |
| 610 | 1 | |a взаимодействия | |
| 610 | 1 | |a хлориды | |
| 610 | 1 | |a щелочные металлы | |
| 610 | 1 | |a трифторид брома | |
| 700 | 1 | |a Михайлова |b Н. А. | |
| 702 | 1 | |a Ивлев |b С. И. |c химик-технолог |c инженер-проектировщик Томского политехнического университета, ассистент |f 1987- |g Сергей Иванович |2 stltpush |4 727 | |
| 712 | 0 | 2 | |a Национальный исследовательский Томский политехнический университет (ТПУ) |b Физико-технический институт (ФТИ) |b Кафедра химической технологии редких, рассеянных и радиоактивных элементов (№ 43) (ХТРЭ) |h 56 |2 stltpush |3 (RuTPU)RU\TPU\col\18733 |
| 801 | 1 | |a RU |b 63413507 |c 20101016 | |
| 801 | 2 | |a RU |b 63413507 |c 20210128 |g RCR | |
| 856 | 4 | |u http://earchive.tpu.ru/handle/11683/19184 | |
| 856 | 4 | |u http://www.lib.tpu.ru/fulltext/c/2015/C21/145.pdf | |
| 942 | |c BK | ||